[Event "FRA-chT U20 0203"]
[Site "Clichy"]
[Date "2002.12.01"]
[Round "3.4"]
[White "Verger, Paul"]
[Black "Tache, Benjamin"]
[Result "1-0"]
[WhiteElo "1600"]
[BlackElo "1720"]
[PlyCount "69"]
[EventDate "2002.12.??"]
[EventType "team"]
[EventRounds "11"]
[EventCountry "FRA"]
[SourceTitle "EXT 2004"]
[Source "ChessBase"]
[SourceDate "2003.11.25"]
[SourceVersion "1"]
[SourceVersionDate "2003.11.25"]
[SourceQuality "1"]
[WhiteTeam "AECE"]
[BlackTeam "Bois Colombes"]
[WhiteTeamCountry "FRA"]
[BlackTeamCountry "FRA"]

1. e4 c5 2. Nf3 Nc6 3. c3 e6 4. d4 d5 5. e5 f6 6. exf6 Nxf6 7. Bg5 Qb6 8. Qd2 Ne4 9. Qc2 cxd4 10. Bh4 Bd7 11. Bd3 Rc8 12. a3 Bd6 13. 0-0 0-0 14. Re1 e5 15. Nbd2 Nxd2 16. Nxd2 e4 17. Nxe4 dxe4 18. Bxe4 h6 19. Bd5+ Kh8 20. Rad1 Qc5 21. Ba2 Rce8 22. Rxe8 Bxe8 23. Bb1 g6 24. Re1 Ne5 25. Qd2 Nf7 26. Bxg6 Bxh2+ 27. Kh1 Qd6 28. Bxf7 Bxf7 29. Be7 Bf4 30. Qd1 Qd5 31. Bxf8 Qd8 32. Qg4 Bg5 33. Qxd4+ Qxd4 34. cxd4 Bf6 35. f3 1-0